Hrana rozkoše (Record no. 22322)
[ view plain ]
| 000 -LEADER | |
|---|---|
| fixed length control field | 01619cam a2200457 a 4500 |
| 001 - CONTROL NUMBER | |
| control field | 22322 |
| 003 - CONTROL NUMBER IDENTIFIER | |
| control field | VRT |
| 005 - DATE AND TIME OF LATEST TRANSACTION | |
| control field | 20260326134152.0 |
| 008 - FIXED-LENGTH DATA ELEMENTS--GENERAL INFORMATION | |
| fixed length control field | 240315s2011 xo e 000 f slo |
| 015 ## - NATIONAL BIBLIOGRAPHY NUMBER | |
| National bibliography number | SNBA2013 |
| 020 ## - INTERNATIONAL STANDARD BOOK NUMBER | |
| International Standard Book Number | 9788055132105 |
| Qualifying information | (viaz.) |
| 035 ## - SYSTEM CONTROL NUMBER | |
| System control number | 8A66C407-F65D-448A-9D78-AA2F627C1B68 |
| 035 ## - SYSTEM CONTROL NUMBER | |
| System control number | urn:nbn:sk:snk-amjly8 |
| 035 ## - SYSTEM CONTROL NUMBER | |
| System control number | urn:nbn:sk:snk-am001nea |
| 039 #9 - LEVEL OF BIBLIOGRAPHIC CONTROL AND CODING DETAIL [OBSOLETE] | |
| Level of rules in bibliographic description | 202403152139 |
| Level of effort used to assign nonsubject heading access points | VLOAD |
| Level of effort used to assign subject headings | 201508271448 |
| Level of effort used to assign classification | VLOAD |
| Level of effort used to assign subject headings | 201508271118 |
| Level of effort used to assign classification | VLOAD |
| Level of effort used to assign subject headings | 201508050958 |
| Level of effort used to assign classification | VLOAD |
| 040 ## - CATALOGING SOURCE | |
| Original cataloging agency | PPPK |
| Language of cataloging | slo |
| Transcribing agency | PPPK |
| Modifying agency | SNK |
| Description conventions | AACR2 |
| 041 1# - LANGUAGE CODE | |
| Language code of text/sound track or separate title | slo |
| Language code of original | eng |
| 044 ## - COUNTRY OF PUBLISHING/PRODUCING ENTITY CODE | |
| MARC country code | xo |
| ISO country code | SK |
| 072 #7 - SUBJECT CATEGORY CODE | |
| Subject category code | 821.111(73)-3 |
| Subject category code subdivision | Americká próza |
| Source | konspekt |
| 080 ## - UNIVERSAL DECIMAL CLASSIFICATION NUMBER | |
| Universal Decimal Classification number | 821.111(73)-31 |
| Edition identifier | 2001 |
| 080 ## - UNIVERSAL DECIMAL CLASSIFICATION NUMBER | |
| Universal Decimal Classification number | (0:82-993) |
| Edition identifier | 2001 |
| 100 1# - MAIN ENTRY--PERSONAL NAME | |
| Personal name | Berlin, Eve |
| Relationship | aut |
| 240 10 - UNIFORM TITLE | |
| Uniform title | Pleasure's edge |
| Language of a work | Slovensky |
| 245 10 - TITLE STATEMENT | |
| Title | Hrana rozkoše |
| Statement of responsibility, etc. | Eve Berlinová ; [z anglického originálu preložil Peter Tkačenko] |
| 250 ## - EDITION STATEMENT | |
| Edition statement | [1. vyd.] |
| 260 ## - PUBLICATION, DISTRIBUTION, ETC. | |
| Place of publication, distribution, etc. | Bratislava |
| Name of publisher, distributor, etc. | Ikar |
| Date of publication, distribution, etc. | 2012 |
| 300 ## - PHYSICAL DESCRIPTION | |
| Extent | 254 s. |
| Dimensions | 21 cm |
| 655 #7 - INDEX TERM--GENRE/FORM | |
| Genre/form data or focus term | americké romány |
| Source of term | SNKPH |
| 655 #7 - INDEX TERM--GENRE/FORM | |
| Genre/form data or focus term | erotické romány |
| Source of term | SNKPH |
| 655 #7 - INDEX TERM--GENRE/FORM | |
| Genre/form data or focus term | American fiction |
| Source of term | SNKPHeng |
| 655 #7 - INDEX TERM--GENRE/FORM | |
| Genre/form data or focus term | Erotic novels |
| Source of term | SNKPHeng |
| 700 1# - ADDED ENTRY--PERSONAL NAME | |
| Personal name | Tkačenko, Peter |
| Relationship | trl |
| 942 ## - ADDED ENTRY ELEMENTS (KOHA) | |
| Source of classification or shelving scheme | Dewey Decimal Classification |
| Koha item type | Krásna literatúra pre dospelých |
| Suppress in OPAC | No |
| 949 ## - LOCAL PROCESSING INFORMATION (OCLC) | |
| 6 | 3869A13422 |
| a | bpksh821.111(73)-31 |
| b | bpksh63254 |
| 949 ## - LOCAL PROCESSING INFORMATION (OCLC) | |
| 6 | 3869A17434 |
| a | bpksh821.111(73)-31 |
| b | bpksh61714 |
| 949 ## - LOCAL PROCESSING INFORMATION (OCLC) | |
| 6 | 270001000404169 |
| a | svkbbA 136506 |
| b | svkbbm 731800 |
| 949 ## - LOCAL PROCESSING INFORMATION (OCLC) | |
| 6 | 17A1057700 |
| a | snkSC 151871 D1 |
| b | snk2012/24256 |
| o | 2470/12 |
| 949 ## - LOCAL PROCESSING INFORMATION (OCLC) | |
| 6 | 17A1056429 |
| a | snkSC 151871 |
| b | snk2012/23038 |
| o | 2470/12 |
| 949 ## - LOCAL PROCESSING INFORMATION (OCLC) | |
| 6 | 273K0551622 |
| a | svkpoA 215456 |
| b | svkpo555251 |
| 949 ## - LOCAL PROCESSING INFORMATION (OCLC) | |
| 6 | 2889190354 |
| a | savukPV 17037 |
| b | savuk2012/4615 |
| Stav vyradenia | Strata | Poškodenie | Spôsob nadobudnutia | Domovská knižnica | Aktuálna knižnica | Dátum nadobudnutia | Cena | Total checkouts | Čiarový kód exemplára | Date last seen | Typ exemplára |
|---|---|---|---|---|---|---|---|---|---|---|---|
| Kúpa | Obecná knižnica Horná Štubňa | Obecná knižnica Horná Štubňa | 26.03.2026 | 9.90 | 9788055132105 | 26.03.2026 | Krásna literatúra pre dospelých |
